Implementation of new EU audit rules in the member states

Hlavné okruhy nových EU audítorských pravidiel. Prehľad implementácie nových EU audítorských pravidiel v členských štátoch.

Salvato in:
Dettagli Bibliografici
Autore principale: Hunyady, Katarína
Altri autori: Domaracká, Denisa
Natura: Capitolo di libro
Lingua:slovacco
Soggetti:
Tags: Aggiungi Tag
Nessun Tag, puoi essere il primo ad aggiungerne!!

MARC

LEADER 00000naa$a2200000$$$4500
001 0222852
005 20240502083553.6
041 0 |a slo 
044 |a CZ 
245 1 0 |a Implementation of new EU audit rules in the member states  |c Katarína Hunyady, Denisa Domaracká 
520 |a Hlavné okruhy nových EU audítorských pravidiel. Prehľad implementácie nových EU audítorských pravidiel v členských štátoch. 
610 2 0 |a audit 
610 2 0 |a služby 
610 2 0 |a legislatíva 
610 2 0 |a Európska únia 
100 1 |a Hunyady, Katarína 
700 1 |a Domaracká, Denisa